000 00527nam a22001937a 4500
003 OSt
008 251208b |||||||| |||| 00| 0 eng d
082 _a632.7
_bS48S
100 _aSingh, Surendra Prasad.
245 _aStudies on the Management of Rice Leaffolder Cnaphalocrocis medinalis (Guen.)
260 _a.- Pusa, Samastipur
_b: RAU
_c, 1997
300 _a58p.
650 _aEntomology and Agricultural Zoology
650 _aRice
650 _aLeaffolder
650 _aThesis
650 _aPh. D.
942 _2ddc
_cT
999 _c49347
_d49347